Mangas par les 2 personnages les plus connus (2) - Statistiques

Statistiques générales
  • Ce quiz a été pris 99 fois
  • Le résultat moyen est 8 sur 15
Statistiques - réponses
Hint Réponse % Correct
Ichigo / Sōsuke Bleach
91%
Guts / Griffith Berserk
89%
Yujiro / Baki Baki
86%
Jotaro / Joseph Jojo's bizarre adventure
83%
Ippo / Takamura Hajime no Ippo
80%
Thorfinn / Askeladd Vinland saga
80%
Edward / Envy Fullmetal Alchemist
78%
Tsubasa / Hyūga Captain Tsubasa
70%
Doraemon / Nobita Doraemon
66%
Senku / Kohaku Dr. Stone
66%
Li / Quiang Kingdom
13%
Kudo / Furuya Detective Conan
6%
Hanamichi / Ryota Slam dunk
6%
Izumi / Tamiya Parasite
3%
Dave / Katherine Golgo 13
0%
Aucun quiz correspondant
Distribution des résultats
% des personnes avec chaque résultat
Percentile par nombre de réponses
Votre historique - résultats
Vous n’avez pas pris ce quiz